Remigio / (Record no. 38485)

MARC details
000 -LEADER
campo de control de longitud fija 00396nam a2200145 i 4500
001 - NÚMERO DE CONTROL
campo de control 38485
003 - IDENTIFICADOR DE NÚMERO DE CONTROL
campo de control ES-MaACL
007 - CAMPO FIJO DE DESCRIPCIÓN FÍSICA--INFORMACIÓN GENERAL
campo de control de longitud fija t|
008 - DATOS DE LONGITUD FIJA--INFORMACIÓN GENERAL
campo de control de longitud fija 030225s1953 sp ||||1| spa d
100 1# - ENTRADA PRINCIPAL--NOMBRE DE PERSONA
Nombre de persona Calderón Escalada, José.
9 (RLIN) 33620
245 10 - MENCIÓN DEL TÍTULO
Título Remigio /
Mención de responsabilidad, etc. El Duende de Campoo (seud.).
260 ## - PUBLICACIÓN, DISTRIBUCIÓN, ETC.
Lugar de publicación, distribución, etc. Santander :
Nombre del editor, distribuidor, etc. [Cantabria,
Fecha de publicación, distribución, etc. 1953]
300 ## - DESCRIPCIÓN FÍSICA
Extensión 151 p. ;
Dimensiones 20 cm.
852 ## - LOCALIZACIÓN
Ubicación ES-MaACL
Número de control de estantería C-7891
Sublocalización o colección R.34920
Holdings
Estatus retirado Estado de pérdida Estado de daño No para préstamo Biblioteca de origen Biblioteca actual Ubicación en estantería Fecha de adquisición Fuente de adquisición Total de préstamos Signatura topográfica completa Código de barras Visto por última vez Precio de reemplazo Tipo de ítem Koha
        Biblioteca del Ateneo de Madrid Biblioteca del Ateneo de Madrid Sala Palomar 17/01/2008     C-7891 1040519 23/02/2023 23/02/2023 Libro impreso